[Event "Junior Online 4NCL Division 3"]
[Site "online"]
[Date "2022.02.03"]
[EventDate "2022.02.03"]
[Round "2.87"]
[White "Navle, Yash Kumar"]
[WhiteElo "1237"]
[WhiteTeam "Uxbridge C"]
[Black "Patel, Rohan"]
[BlackElo "1178"]
[BlackTeam "Edgware Gambits D"]
[Result "1-0"]
[PlyCount "121"]

1. e4 e5 2. Nf3 Nc6 3. d4 exd4 4. Nxd4 Nf6 5. Nxc6 bxc6 6. Nc3 Bb4 7. Bd2 Bxc3 8. Bxc3 Nxe4 9. Bxg7 Qe7 10. Qe2 Rg8 11. Bd4 Nd6 12. Qxe7+ Kxe7 13. O-O-O Kf8 14. Bd3 h6 15. g3 Bb7 16. Be3 h5 17. Rhe1 Rb8 18. Bh6+ Rg7 19. Bxg7+ Kxg7 20. h4 Nb5 21. Re5 Nd4 22. Rxh5 Re8 23. Bc4 Nf3 24. Rxd7 Bc8 25. Rxf7+ Kg6 26. Rxf3 Kxh5 27. Re3 Rf8 28. Be2+ Kh6 29. f4 Rf7 30. Bc4 Rg7 31. Be2 Bb7 32. Re6+ Kh7 33. g4 Bc8 34. Bd3+ Kh8 35. Re8+ Rg8 36. Rxg8+ Kxg8 37. f5 Kg7 38. Kd2 Kf6 39. Ke3 Ke5 40. h5 Bd7 41. h6 Kf6 42. g5+ Kf7 43. g6+ Kg8 44. Bc4+ Kf8 45. g7+ Ke7 46. g8=Q Kd6 47. Qg6+ Kc5 48. Bb3 Kb6 49. h7 Kb7 50. h8=Q c5 51. Qh1+ Kb8 52. Qg8+ Bc8 53. Qxc8+ Kxc8 54. Qa8+ Kd7 55. Qxa7 Kc6 56. f6 Kd6 57. f7 Ke7 58. Qxc7+ Kf6 59. f8=Q+ Kg6 60. Qcg7+ Kh5 61. Qfh8# 1-0

[Event "Junior Online 4NCL Division 3"]
[Site "online"]
[Date "2022.02.03"]
[EventDate "2022.02.03"]
[Round "2.88"]
[White "Wen, Liana"]
[WhiteElo "1154"]
[WhiteTeam "Edgware Gambits D"]
[Black "Hamid, Yusuf"]
[BlackElo "1200"]
[BlackTeam "Uxbridge C"]
[Result "0-1"]
[PlyCount "56"]

1. d4 Nf6 2. c4 e5 3. e3 exd4 4. exd4 d5 5. Qa4+ Bd7 6. Qb3 Nc6 7. cxd5 Nxd5 8. Qxd5 Nb4 9. Qc4 Be6 10. Qc3 Nxa2 11. Qe3 Bb4+ 12. Bd2 O-O 13. Bxb4 Nxb4 14. Qd2 Qxd4 15. Ra4 Nd3+ 16. Bxd3 Qxa4 17. Nf3 Rad8 18. O-O Bc4 19. Qf4 Rxd3 20. Ne5 b5 21. Nxd3 Bxd3 22. Qc1 Bxf1 23. Qxf1 Rd8 24. Nc3 Qb3 25. h3 b4 26. Nb1 Rd1 27. Nd2 Rxf1+ 28. Kxf1 Qd1# 0-1

[Event "Junior Online 4NCL Division 3"]
[Site "online"]
[Date "2022.02.03"]
[EventDate "2022.02.03"]
[Round "2.91"]
[White "Iyer, Shrinivas"]
[WhiteElo "1000"]
[WhiteTeam "Edgware Gambits F"]
[Black "Bhattacharjee, Aaditya"]
[BlackElo "696"]
[BlackTeam "East Kilbride Rooks"]
[Result "1-0"]
[PlyCount "52"]

1. d4 d5 2. Nf3 Nf6 3. e3 e6 4. Be2 c5 5. O-O Nc6 6. b3 Bd7 7. Bb2 Be7 8. Nbd2 O-O 9. c4 cxd4 10. exd4 Bc8 11. Rc1 b6 12. Ne5 Nxe5 13. dxe5 Nd7 14. Nf3 Bg5 15. Rc2 Nc5 16. Ba3 Re8 17. Nd4 Ne4 18. Bd3 Ba6 19. Qe2 Bb7 20. f3 Nd2 21. Rxd2 Bxd2 22. Qxd2 dxc4 23. Bxc4 Qd7 24. Rd1 Red8 25. Bb4 a6 26. Ne2 b5 1-0

[Event "Junior Online 4NCL Division 3"]
[Site "online"]
[Date "2022.02.03"]
[EventDate "2022.02.03"]
[Round "2.93"]
[White "Illingworth-Law, Oscar"]
[WhiteElo "961"]
[WhiteTeam "Edgware Gambits F"]
[Black "Biswas, Snigdha"]
[BlackElo "548"]
[BlackTeam "East Kilbride Rooks"]
[Result "1/2-1/2"]
[PlyCount "45"]

1. e4 e5 2. Nf3 Nc6 3. d4 exd4 4. Nxd4 Nf6 5. Nxc6 bxc6 6. Nc3 Qe7 7. Bd3 d5 8. O-O dxe4 9. Nxe4 Nxe4 10. Bxe4 Qxe4 11. Re1 Qe7 12. Rxe7+ Bxe7 13. Qd3 Bd7 14. Bd2 c5 15. Bc3 Rd8 16. Bxg7 Rg8 17. Bc3 Bc6 18. Qh3 Bxg2 19. Qe3 Bh3+ 20. Kh1 Bg2+ 21. Kg1 Bh3+ 22. Kh1 Bg2+ 23. Kg1 1/2-1/2

[Event "Junior Online 4NCL Division 3"]
[Site "online"]
[Date "2022.02.03"]
[EventDate "2022.02.03"]
[Round "2.94"]
[White "Narasimhan, Srivathsan"]
[WhiteElo "501"]
[WhiteTeam "East Kilbride Rooks"]
[Black "Subramonian, Ananya"]
[BlackElo "974"]
[BlackTeam "Edgware Gambits F"]
[Result "1-0"]
[PlyCount "73"]

1. e4 e5 2. Nf3 Nc6 3. Nc3 Nf6 4. d4 exd4 5. Nxd4 Ne5 6. Bd3 Bc5 7. Nf5 O-O 8. O-O d6 9. Nd5 Nxd5 10. exd5 Qf6 11. Be3 Bxe3 12. fxe3 Nxd3 13. Qxd3 Qg6 14. Ne7+ Kh8 15. Nxg6+ hxg6 16. Rf2 Kg8 17. Raf1 c6 18. dxc6 Be6 19. cxb7 Rab8 20. Qxd6 Rxb7 21. b3 Rd7 22. Qb4 Bd5 23. h4 Rb7 24. Qc5 Be6 25. h5 gxh5 26. Qxh5 g6 27. Qc5 Rc8 28. Qd4 Kf8 29. Qh8+ Ke7 30. Qf6+ Kd6 31. Qd4+ Ke7 32. Qf6+ Kd6 33. e4 g5 34. e5+ Kd5 35. c4+ Kd4 36. Qxg5 Kc3 37. Qd2# 1-0

[Event "Junior Online 4NCL Division 3"]
[Site "online"]
[Date "2022.02.03"]
[EventDate "2022.02.03"]
[Round "2.95"]
[White "Bhattacharjee, Aaditya"]
[WhiteElo "696"]
[WhiteTeam "East Kilbride Rooks"]
[Black "Iyer, Shrinivas"]
[BlackElo "1000"]
[BlackTeam "Edgware Gambits F"]
[Result "1-0"]
[PlyCount "111"]

1. e4 e5 2. Nf3 Nc6 3. Bc4 Bc5 4. c3 Nf6 5. d4 exd4 6. e5 Ng4 7. cxd4 Bb4+ 8. Nc3 O-O 9. h3 Nh6 10. Bxh6 gxh6 11. Qc1 h5 12. a3 Ba5 13. b4 Bb6 14. d5 Ne7 15. d6 cxd6 16. exd6 Nc6 17. O-O Qf6 18. Ne4 Qg6 19. Qf4 Re8 20. Nf6+ Kf8 21. Nxe8 Kxe8 22. Nh4 Qg8 23. Qe4+ Ne5 24. Qxe5+ Kf8 25. Qe7+ Kg7 26. Qg5+ Kh8 27. Qe5+ Qg7 28. Qe7 Bd4 29. Rad1 Bf6 30. Qe8+ Qg8 31. Qxg8+ Kxg8 32. Nf5 b6 33. Rfe1 h6 34. Re8+ Kh7 35. Bd5 Rb8 36. Rde1 Kg6 37. Be4 Bc3 38. Nd4+ Kg7 39. Nf5+ Kf6 40. Rc1 Bb2 41. Rcxc8 Rxc8 42. Rxc8 Bxa3 43. Rc7 Ke6 44. Nd4+ Ke5 45. Rxd7 Kxe4 46. Nb5 Bxb4 47. Rxf7 a6 48. d7 axb5 49. d8=Q Bc5 50. Qe8+ Kd4 51. Rd7+ Kc4 52. Qe6+ Kb4 53. Qe4+ Kb3 54. Rd3+ Kc2 55. Qe2+ Kc1 56. Rd1# 1-0

[Event "Junior Online 4NCL Division 3"]
[Site "online"]
[Date "2022.02.03"]
[EventDate "2022.02.03"]
[Round "2.97"]
[White "Biswas, Snigdha"]
[WhiteElo "548"]
[WhiteTeam "East Kilbride Rooks"]
[Black "Illingworth-Law, Oscar"]
[BlackElo "961"]
[BlackTeam "Edgware Gambits F"]
[Result "1-0"]
[PlyCount "55"]

1. e4 e5 2. Nf3 Nc6 3. Nc3 Nf6 4. Bc4 Nxe4 5. d3 Nxc3 6. bxc3 Bc5 7. d4 exd4 8. cxd4 Bb4+ 9. Bd2 Qe7+ 10. Qe2 Bxd2+ 11. Kxd2 Qxe2+ 12. Bxe2 d5 13. Rhe1 O-O 14. Bd3 Bg4 15. Ng5 g6 16. Rab1 f6 17. Ne6 Rfe8 18. Nxc7 Rxe1 19. Kxe1 Rc8 20. Nxd5 Nxd4 21. Nxf6+ Kg7 22. Nxg4 Rxc2 23. Bxc2 Nxc2+ 24. Ke2 Nd4+ 25. Ke3 Nc2+ 26. Kf3 Nd4+ 27. Ke4 Ne6 28. Rxb7+ 1-0

[Event "Junior Online 4NCL Division 3"]
[Site "online"]
[Date "2022.02.03"]
[EventDate "2022.02.03"]
[Round "2.98"]
[White "Subramonian, Ananya"]
[WhiteElo "974"]
[WhiteTeam "Edgware Gambits F"]
[Black "Narasimhan, Srivathsan"]
[BlackElo "501"]
[BlackTeam "East Kilbride Rooks"]
[Result "1-0"]
[PlyCount "65"]

1. e4 e5 2. Nf3 Nc6 3. Bc4 Nf6 4. Ng5 d5 5. exd5 Na5 6. Bb5+ c6 7. dxc6 bxc6 8. Bd3 h6 9. Ne4 Nxe4 10. Bxe4 Bc5 11. O-O O-O 12. a3 Nc4 13. Bxc6 Rb8 14. d3 Nd6 15. Bd5 Bb7 16. Ba2 e4 17. Qg4 Ba6 18. Bxh6 Bd4 19. c3 Bf6 20. Nd2 Bxd3 21. Nb3 Bxf1 22. Rxf1 Re8 23. Nc5 e3 24. Nd7 g6 25. Qxg6+ Kh8 26. Qg4 Rxb2 27. fxe3 Rxa2 28. Nxf6 Nf5 29. Qxf5 Rxg2+ 30. Kh1 Rxh2+ 31. Kxh2 Qd6+ 32. Kh1 Qc6+ 33. Rf3 1-0

[Event "Junior Online 4NCL Division 3"]
[Site "online"]
[Date "2022.02.03"]
[EventDate "2022.02.03"]
[Round "2.101"]
[White "Innani, Nipun"]
[WhiteElo "995"]
[WhiteTeam "KEGS C"]
[Black "Chandrasekar, Neel"]
[BlackElo "1230"]
[BlackTeam "Chess Challengers D"]
[Result "1/2-1/2"]
[PlyCount "94"]

1. e4 d5 2. exd5 Nf6 3. c4 e6 4. dxe6 Bxe6 5. Nc3 Bc5 6. Nf3 O-O 7. d3 Bf5 8. Bg5 Re8+ 9. Ne4 Bxe4 10. dxe4 Qxd1+ 11. Rxd1 Nxe4 12. Be2 Nxf2 13. Rd5 Nxh1 14. Rxc5 Nc6 15. a3 f6 16. Bf4 Re7 17. Ng1 g5 18. Bd2 Rae8 19. Bc3 Kf7 20. Rf5 Ne5 21. Nf3 Nxf3+ 22. Kf1 Rxe2 23. Rxf6+ Kg8 24. gxf3 Rxh2 25. f4 gxf4 26. Rxf4 Rf8 27. Rxf8+ Kxf8 28. Kg1 Rh5 29. Kg2 Kf7 30. Kf3 Ke6 31. Be1 Rf5+ 32. Kg2 Re5 33. Bd2 Re2+ 34. Kxh1 Rxd2 35. Kg1 Rxb2 36. Kf1 Ra2 37. Ke1 Rxa3 38. Kd2 h5 39. Ke2 h4 40. Kf2 h3 41. Kg1 a5 42. Kh2 Rc3 43. c5 a4 44. c6 bxc6 45. Kh1 a3 46. Kg1 a2 47. Kh2 a1=R 1/2-1/2

[Event "Junior Online 4NCL Division 3"]
[Site "online"]
[Date "2022.02.03"]
[EventDate "2022.02.03"]
[Round "2.102"]
[White "Khandelwal, Ritisha"]
[WhiteElo "1205"]
[WhiteTeam "Chess Challengers D"]
[Black "Lankothu, Sushant"]
[BlackElo "1007"]
[BlackTeam "KEGS C"]
[Result "1-0"]
[PlyCount "31"]

1. e4 e5 2. Qh5 Nc6 3. Bc4 Qf6 4. Nc3 Bc5 5. Nf3 d6 6. Nd5 Qd8 7. d3 Be6 8. Bg5 Qd7 9. O-O Nge7 10. Bb3 O-O-O 11. Qh4 f6 12. Be3 Bxe3 13. fxe3 Bxd5 14. exd5 Nxd5 15. Bxd5 Nb4 16. Qxb4 1-0

[Event "Junior Online 4NCL Division 3"]
[Site "online"]
[Date "2022.02.03"]
[EventDate "2022.02.03"]
[Round "2.103"]
[White "Fernandes, Dion"]
[WhiteElo "1000"]
[WhiteTeam "KEGS C"]
[Black "Bhaskaran, Adithya"]
[BlackElo "1200"]
[BlackTeam "Chess Challengers D"]
[Result "0-1"]
[PlyCount "132"]

1. e4 e5 2. Nf3 Nc6 3. Bc4 Nf6 4. Ng5 d5 5. exd5 Nxd5 6. Nxf7 Kxf7 7. Qf3+ Qf6 8. Bxd5+ Be6 9. Bxe6+ Kxe6 10. Qb3+ Kd7 11. O-O Rb8 12. Nc3 Bd6 13. d3 Rhg8 14. Ne4 Qe6 15. Qxe6+ Kxe6 16. Ng5+ Kd7 17. Nxh7 Nd4 18. Rb1 Nxc2 19. Be3 b6 20. a3 Be7 21. g3 Rh8 22. Ng5 Nxe3 23. fxe3 Bxg5 24. Rf7+ Kd6 25. e4 Be3+ 26. Kg2 Rh7 27. b4 Rbh8 28. h4 g5 29. Rf6+ Ke7 30. Rf3 Bd4 31. Rh1 gxh4 32. g4 h3+ 33. Rhxh3 Rxh3 34. Rxh3 Rxh3 35. Kxh3 Kf6 36. Kh4 Kg6 37. g5 Be3 38. d4 exd4 39. e5 Bxg5+ 40. Kg4 d3 41. e6 d2 42. e7 Bxe7 43. Kf3 d1=Q+ 44. Kf2 Bh4+ 45. Ke3 Bg5+ 46. Ke4 Qe2+ 47. Kd4 Qf3 48. Kc4 Qe3 49. Kb5 Qd3+ 50. Ka4 b5+ 51. Ka5 Qxa3+ 52. Kxb5 a6+ 53. Kc6 Qxb4 54. Kxc7 Qb5 55. Kd6 Kf6 56. Kc7 Qc5+ 57. Kd7 Qe7+ 58. Kc6 Qb4 59. Kd5 Qc3 60. Ke4 Qd2 61. Kf3 Kf5 62. Kg3 Qf4+ 63. Kg2 Kg4 64. Kh1 Qd2 65. Kg1 Kg3 66. Kf1 Qf2# 0-1

[Event "Junior Online 4NCL Division 3"]
[Site "online"]
[Date "2022.02.03"]
[EventDate "2022.02.03"]
[Round "2.104"]
[White "Ciutac, Stefan"]
[WhiteElo "1173"]
[WhiteTeam "Chess Challengers D"]
[Black "Siriwardana, Neil"]
[BlackElo "961"]
[BlackTeam "KEGS C"]
[Result "1-0"]
[PlyCount "59"]

1. c4 e5 2. g3 Bc5 3. Bg2 Nf6 4. Nc3 Nc6 5. e3 O-O 6. Nge2 d6 7. O-O Bg4 8. h3 Bc8 9. a3 Re8 10. b4 Bb6 11. Bb2 a6 12. Re1 Bf5 13. b5 axb5 14. cxb5 Na5 15. g4 Bc8 16. d4 e4 17. Qc2 d5 18. Nc1 Bxg4 19. hxg4 Nxg4 20. N1e2 Qh4 21. Ng3 c6 22. bxc6 Bc7 23. Nxd5 Bxg3 24. fxg3 Qh2+ 25. Kf1 Qxg3 26. Bxe4 Nh2+ 27. Ke2 Ng4 28. Bxh7+ Kf8 29. Qc5+ Re7 30. Qxe7# 1-0

[Event "Junior Online 4NCL Division 3"]
[Site "online"]
[Date "2022.02.03"]
[EventDate "2022.02.03"]
[Round "2.105"]
[White "Chandrasekar, Neel"]
[WhiteElo "1230"]
[WhiteTeam "Chess Challengers D"]
[Black "Innani, Nipun"]
[BlackElo "995"]
[BlackTeam "KEGS C"]
[Result "1-0"]
[PlyCount "167"]

1. d4 c5 2. d5 e6 3. d6 Nc6 4. Nc3 Nf6 5. Bf4 g6 6. Nf3 Bg7 7. Bg5 O-O 8. e4 Qa5 9. Bd3 Nb4 10. O-O Nxd3 11. Qxd3 b6 12. Rfe1 Ba6 13. Qe3 Ng4 14. Qd2 f5 15. e5 h6 16. Be3 g5 17. Qc1 Nxe3 18. Qxe3 f4 19. Qe4 Rab8 20. Rad1 Bb7 21. Qd3 Bxf3 22. Qxf3 Rf5 23. a3 Bxe5 24. h3 Bxc3 25. Qxc3 Qxc3 26. bxc3 Rbf8 27. f3 h5 28. Rf1 R8f6 29. Kh2 Kf7 30. Rd2 Rd5 31. Rfd1 Rdf5 32. Rg1 c4 33. Rd4 b5 34. Rb1 a6 35. Rb4 Rd5 36. Rxd5 exd5 37. a4 bxa4 38. Rxa4 Rxd6 39. Kg1 Ke6 40. Kf2 Kf5 41. Ra5 g4 42. h4 gxf3 43. gxf3 Ke5 44. Ra4 Rc6 45. Ke2 d4 46. cxd4+ Kxd4 47. Kd2 d5 48. c3+ Ke5 49. Ra5 Kd6 50. Kc2 Kc7 51. Rxd5 Rd6 52. Rxh5 Rd3 53. Rh7+ Kd8 54. Rh8+ Ke7 55. Rh7+ Kf8 56. Rh6 Rxf3 57. Rxa6 Rh3 58. Rf6+ Kg7 59. Rxf4 Kg6 60. Rxc4 Kh5 61. Kb3 Rxh4 62. Rxh4+ Kxh4 63. Kb4 Kg5 64. Kc5 Kf6 65. Kc6 Ke7 66. Kb7 Kd7 67. c4 Kd6 68. Kb6 Kd7 69. c5 Kc8 70. Kc6 Kd8 71. Kb7 Ke7 72. c6 Kf6 73. c7 Ke5 74. c8=Q Kd4 75. Qc6 Ke5 76. Kc7 Kd4 77. Kd6 Ke3 78. Qc4 Kf2 79. Qd3 Kg1 80. Qc2 Kh1 81. Ke5 Kg1 82. Ke4 Kh1 83. Kf3 Kg1 84. Qg2# 1-0

[Event "Junior Online 4NCL Division 3"]
[Site "online"]
[Date "2022.02.03"]
[EventDate "2022.02.03"]
[Round "2.106"]
[White "Lankothu, Sushant"]
[WhiteElo "1007"]
[WhiteTeam "KEGS C"]
[Black "Khandelwal, Ritisha"]
[BlackElo "1205"]
[BlackTeam "Chess Challengers D"]
[Result "0-1"]
[PlyCount "60"]

1. e4 d5 2. exd5 Nf6 3. Nc3 Nxd5 4. Nxd5 Qxd5 5. Qf3 Qxf3 6. Nxf3 Bg4 7. Be2 e6 8. d3 Bd6 9. h3 Bf5 10. Be3 O-O 11. O-O-O Nc6 12. Nh4 Bg6 13. Bf3 Rab8 14. d4 Nb4 15. Nxg6 fxg6 16. a3 Nd5 17. Bd2 c6 18. c4 Nf4 19. Kb1 Nd3 20. d5 Nxf2 21. dxc6 bxc6 22. Ka2 Nxd1 23. Rxd1 Rb6 24. Be3 c5 25. Bg4 Rf6 26. Bg5 Rf2 27. Bxe6+ Kf8 28. Bc1 Bf4 29. Ka1 Bxc1 30. Rxc1 Rxe6 0-1

[Event "Junior Online 4NCL Division 3"]
[Site "online"]
[Date "2022.02.03"]
[EventDate "2022.02.03"]
[Round "2.107"]
[White "Bhaskaran, Adithya"]
[WhiteElo "1200"]
[WhiteTeam "Chess Challengers D"]
[Black "Fernandes, Dion"]
[BlackElo "1000"]
[BlackTeam "KEGS C"]
[Result "1/2-1/2"]
[PlyCount "122"]

1. e4 e5 2. Nf3 Nc6 3. Nc3 Bc5 4. Bc4 d6 5. O-O Bg4 6. h3 h5 7. d3 f6 8. Nd5 f5 9. Bg5 Nf6 10. exf5 Bxf5 11. Bxf6 gxf6 12. a3 O-O 13. Nxc7+ Kh8 14. Nxa8 d5 15. Bb5 Qxa8 16. Bxc6 bxc6 17. b4 Bd4 18. Nxd4 exd4 19. Qxh5+ Bh7 20. Rfd1 Qb7 21. Re1 Qg7 22. Re6 Rg8 23. g3 f5 24. Rae1 f4 25. Re8 fxg3 26. Rxg8+ Qxg8 27. f4 Qg6 28. Qxg6 Bxg6 29. Re6 Bf5 30. Rxc6 Bxh3 31. Rd6 g2 32. Rxd5 Be6 33. Rxd4 Bh3 34. Kh2 Kh7 35. f5 Kg7 36. Rd7+ Kf6 37. Rxa7 Kxf5 38. Rh7 g1=Q+ 39. Kxg1 Bg4 40. c4 Ke5 41. c5 Kd5 42. a4 Bf5 43. Rf7 Bxd3 44. Rd7+ Kc4 45. a5 Bf5 46. Rf7 Be6 47. Re7 Bd5 48. a6 Kb5 49. a7 Ka6 50. b5+ Kxb5 51. Kf2 Ka6 52. Ke3 Bb7 53. Rxb7 Kxb7 54. Kd4 Kxa7 55. Kd5 Kb7 56. c6+ Kc7 57. Kc5 Kc8 58. Kd6 Kd8 59. Kc5 Kc8 60. Kb6 Kb8 61. Kc5 Kc8 1/2-1/2

[Event "Junior Online 4NCL Division 3"]
[Site "online"]
[Date "2022.02.03"]
[EventDate "2022.02.03"]
[Round "2.108"]
[White "Siriwardana, Neil"]
[WhiteElo "961"]
[WhiteTeam "KEGS C"]
[Black "Ciutac, Stefan"]
[BlackElo "1173"]
[BlackTeam "Chess Challengers D"]
[Result "1/2-1/2"]
[PlyCount "133"]

1. d4 d5 2. Nf3 Nf6 3. Nc3 c6 4. e3 Bg4 5. Be2 Nbd7 6. O-O e6 7. Ne5 Bxe2 8. Qxe2 g6 9. Nxd7 Qxd7 10. e4 dxe4 11. Nxe4 Qxd4 12. Nxf6+ Qxf6 13. Be3 Bg7 14. c3 O-O 15. Bd4 Qf5 16. Rad1 Qa5 17. Qd3 Rfd8 18. Qe4 Qa4 19. Rfe1 Qxa2 20. Re3 Qd5 21. Qf4 c5 22. Rf3 Qf5 23. Qc7 Qxf3 24. gxf3 cxd4 25. cxd4 Bxd4 26. Rb1 b5 27. b4 Rac8 28. Qa5 Rb8 29. Kh1 Bxf2 30. Rf1 Bh4 31. Qa1 Rd7 32. Qe5 Rbb7 33. Rc1 h6 34. Rc8+ Rd8 35. Rxd8+ Bxd8 36. Qe4 Rb6 37. Qa8 Rd6 38. Qb8 Rd1+ 39. Kg2 a6 40. Kg3 Kf8 41. Qc8 Rg1+ 42. Kf2 Rd1 43. Qxa6 Bh4+ 44. Kg2 Rd2+ 45. Kh3 Be7 46. Qa8+ Rd8 47. Qa1 Bxb4 48. Qf6 Rd5 49. Qh8+ Ke7 50. Qa8 Rh5+ 51. Kg2 Rg5+ 52. Kf2 Bc5+ 53. Kf1 Rg1+ 54. Ke2 Rg2+ 55. Kd3 Rxh2 56. Qb7+ Kf6 57. Qxb5 Be7 58. Qc4 Rh5 59. Qd4+ e5 60. Qb6+ Kf5 61. Qe3 Bg5 62. Qe4+ Ke6 63. Qc6+ Ke7 64. Qc7+ Ke6 65. Qc6+ Kf5 66. Qe4+ Ke6 67. Qc6+ 1/2-1/2

[Event "Junior Online 4NCL Division 3"]
[Site "online"]
[Date "2022.02.03"]
[EventDate "2022.02.03"]
[Round "2.111"]
[White "Sohi, Aarav"]
[WhiteElo "1289"]
[WhiteTeam "Staffordshire Oatcakes"]
[Black "Fang, Moyao"]
[BlackElo "1342"]
[BlackTeam "London Dragons Beryllium"]
[Result "0-1"]
[PlyCount "148"]

1. d4 d5 2. c4 c6 3. Nc3 Nf6 4. Nf3 Bf5 5. Bf4 e6 6. e3 Nbd7 7. Bd3 Ne4 8. O-O Bb4 9. Bxe4 dxe4 10. Ne5 Nxe5 11. dxe5 Bxc3 12. Qxd8+ Rxd8 13. bxc3 Rd3 14. Rac1 Ke7 15. Bg5+ f6 16. exf6+ gxf6 17. Bf4 e5 18. Bg3 c5 19. f4 exf3 20. Rxf3 Bg4 21. Rff1 Rxe3 22. Bf2 Re2 23. Bxc5+ Ke6 24. Rcd1 Rxa2 25. Rd6+ Kf7 26. Rfxf6+ Kg7 27. h3 Bh5 28. Rde6 Rd8 29. Bf8+ Rxf8 30. Rxf8 Kxf8 31. Rxe5 Ra1+ 32. Kh2 Bg6 33. c5 Rc1 34. Re3 Kf7 35. Kg3 Kf6 36. Kf4 Rf1+ 37. Kg4 Bf5+ 38. Kg3 Rc1 39. Kf2 a5 40. Ke2 a4 41. c4 Rxc4 42. Ra3 Bd7 43. Kd3 Rxc5 44. Kd4 Ra5 45. Kc4 b5+ 46. Kb4 Ra8 47. Rf3+ Kg5 48. h4+ Kxh4 49. g3+ Kg4 50. Rd3 Be6 51. Re3 Bb3 52. Re1 Kxg3 53. Ra1 h5 54. Rb1 h4 55. Rg1+ Kh2 56. Rb1 h3 57. Ra1 Kg2 58. Rb1 h2 59. Rb2+ Kg1 60. Rb1+ Kf2 61. Rb2+ Kg3 62. Rb1 Rh8 63. Kxb5 h1=Q 64. Rxh1 Rxh1 65. Kb4 Rc1 66. Ka3 Kf3 67. Kb2 Rc2+ 68. Ka1 Ke2 69. Kb1 Kd3 70. Ka1 Bg8 71. Kb1 Kc3 72. Ka1 Kb3 73. Kb1 a3 74. Ka1 Rc1# 0-1

[Event "Junior Online 4NCL Division 3"]
[Site "online"]
[Date "2022.02.03"]
[EventDate "2022.02.03"]
[Round "2.112"]
[White "Shi, Shaoting"]
[WhiteElo "1313"]
[WhiteTeam "London Dragons Beryllium"]
[Black "Stanley, Isaac"]
[BlackElo "1240"]
[BlackTeam "Staffordshire Oatcakes"]
[Result "1-0"]
[PlyCount "93"]

1. e4 d6 2. d4 Nf6 3. Nc3 g6 4. Nf3 Bg7 5. Bf4 O-O 6. Bc4 Bg4 7. h3 Bxf3 8. Qxf3 c5 9. d5 Qb6 10. b3 Nbd7 11. O-O Ne5 12. Bxe5 dxe5 13. Na4 Qd6 14. Qe3 a6 15. Bd3 Rac8 16. Nb2 b5 17. a4 b4 18. Nc4 Qc7 19. Qg5 h6 20. Qxe5 Nxd5 21. Qxc7 Nxc7 22. Rad1 Rcd8 23. Na5 Rd4 24. Nc6 Rd7 25. Bc4 Rxd1 26. Rxd1 e6 27. Rd7 Be5 28. Nxe5 Na8 29. Bxa6 Nb6 30. Rd3 Kg7 31. Nd7 Nxd7 32. Rxd7 Rg8 33. Bc4 h5 34. Bxe6 Re8 35. Bxf7 Rf8 36. Bd5+ Kh6 37. Rf7 Rd8 38. f4 h4 39. a5 Rd6 40. Rf8 Ra6 41. e5 Rxa5 42. e6 Ra1+ 43. Kh2 Re1 44. Rf7 g5 45. e7 Kg6 46. f5+ Kh5 47. Rh7# 1-0

[Event "Junior Online 4NCL Division 3"]
[Site "online"]
[Date "2022.02.03"]
[EventDate "2022.02.03"]
[Round "2.113"]
[White "Sohi, Sehej"]
[WhiteElo "1027"]
[WhiteTeam "Staffordshire Oatcakes"]
[Black "Li, Harvey"]
[BlackElo "1280"]
[BlackTeam "London Dragons Beryllium"]
[Result "0-1"]
[PlyCount "60"]

1. e4 e6 2. Nf3 d5 3. exd5 exd5 4. Bd3 Nf6 5. O-O Be6 6. Bb5+ c6 7. Bd3 Bd6 8. Nc3 O-O 9. Be2 Nbd7 10. d4 Re8 11. Bg5 h6 12. Bh4 Rc8 13. Bxf6 Nxf6 14. Ne5 Qc7 15. Nd3 Bxh2+ 16. Kh1 Bd6 17. g3 Bh3 18. Re1 Ne4 19. Nxe4 dxe4 20. Nc1 e3 21. Bd3 exf2 22. Rxe8+ Rxe8 23. Nb3 Re1+ 24. Qxe1 fxe1=Q+ 25. Rxe1 g6 26. Re8+ Kg7 27. Nd2 Bxg3 28. Bc4 Qf4 29. Ne4 Qc1+ 30. Bf1 Qxf1# 0-1

[Event "Junior Online 4NCL Division 3"]
[Site "online"]
[Date "2022.02.03"]
[EventDate "2022.02.03"]
[Round "2.114"]
[White "Liu, Zhengzheng"]
[WhiteElo "1290"]
[WhiteTeam "London Dragons Beryllium"]
[Black "Birch, Cara"]
[BlackElo "900"]
[BlackTeam "Staffordshire Oatcakes"]
[Result "1-0"]
[PlyCount "41"]

1. e4 e5 2. Nf3 Nc6 3. d4 exd4 4. Nxd4 Nxd4 5. Qxd4 d6 6. Nc3 Bg4 7. f3 Be6 8. Be3 c5 9. Qa4+ Bd7 10. Bb5 a6 11. Bxd7+ Qxd7 12. Qxd7+ Kxd7 13. Nd5 Kd8 14. Bf4 Be7 15. O-O-O Bh4 16. g3 Be7 17. Nxe7 Nxe7 18. Rxd6+ Kc7 19. Rxa6+ Kd7 20. Rd1+ Kc8 21. Rxa8# 1-0

[Event "Junior Online 4NCL Division 3"]
[Site "online"]
[Date "2022.02.03"]
[EventDate "2022.02.03"]
[Round "2.115"]
[White "Fang, Moyao"]
[WhiteElo "1342"]
[WhiteTeam "London Dragons Beryllium"]
[Black "Sohi, Aarav"]
[BlackElo "1289"]
[BlackTeam "Staffordshire Oatcakes"]
[Result "1-0"]
[PlyCount "59"]

1. e4 c6 2. d4 d5 3. e5 Nh6 4. Bxh6 gxh6 5. Bd3 Rg8 6. Qf3 Bg4 7. Qf4 Qb6 8. b3 Rg5 9. h4 Rg8 10. Bxh7 Rg7 11. Bf5 Bxf5 12. Qxf5 e6 13. Qf4 Ba3 14. Nxa3 Qb4+ 15. Qd2 Qxa3 16. Qxh6 Rxg2 17. Qh8+ Ke7 18. Qf6+ Kf8 19. Nf3 Qb4+ 20. Kf1 Rg6 21. Qd8+ Kg7 22. Ng5 Qc3 23. Re1 Qxd4 24. h5 Rh6 25. Qe7 Qf4 26. Rh4 Qf5 27. Re3 Qxg5 28. Qxg5+ Kh7 29. Rg3 Nd7 30. Qg7# 1-0

[Event "Junior Online 4NCL Division 3"]
[Site "online"]
[Date "2022.02.03"]
[EventDate "2022.02.03"]
[Round "2.116"]
[White "Stanley, Isaac"]
[WhiteElo "1240"]
[WhiteTeam "Staffordshire Oatcakes"]
[Black "Shi, Shaoting"]
[BlackElo "1313"]
[BlackTeam "London Dragons Beryllium"]
[Result "1-0"]
[PlyCount "74"]

1. d4 Nf6 2. c4 g6 3. Nc3 Bg7 4. Nf3 O-O 5. Bf4 d6 6. e3 Bf5 7. Be2 Nbd7 8. O-O Nh5 9. e4 Bxe4 10. Nxe4 Nxf4 11. g3 Nxe2+ 12. Qxe2 Nf6 13. Rfe1 Nxe4 14. Qxe4 c6 15. Qxe7 Qxe7 16. Rxe7 b6 17. Kg2 Rfe8 18. Rd7 Red8 19. Rc7 c5 20. Rd1 cxd4 21. Nxd4 Be5 22. Nc6 Rdc8 23. Rxc8+ Rxc8 24. Ne7+ Kg7 25. Nxc8 Bxb2 26. Rxd6 Be5 27. Rd7 a6 28. Nxb6 a5 29. Rd5 Bc7 30. Na4 Kf6 31. Rd7 Be5 32. f4 Bb8 33. Rd5 Bc7 34. c5 Bb8 35. c6 Bc7 36. Nc5 Ke7 37. Rd7+ Kf6 1-0

[Event "Junior Online 4NCL Division 3"]
[Site "online"]
[Date "2022.02.03"]
[EventDate "2022.02.03"]
[Round "2.117"]
[White "Li, Harvey"]
[WhiteElo "1280"]
[WhiteTeam "London Dragons Beryllium"]
[Black "Sohi, Sehej"]
[BlackElo "1027"]
[BlackTeam "Staffordshire Oatcakes"]
[Result "1-0"]
[PlyCount "61"]

1. d4 d5 2. c4 Nf6 3. cxd5 Nxd5 4. e4 Nf6 5. Nc3 e6 6. Nf3 Bd6 7. e5 Ne4 8. Nxe4 Bb4+ 9. Bd2 Bxd2+ 10. Qxd2 O-O 11. Be2 Nc6 12. O-O h6 13. Rac1 Nb8 14. Rfd1 Nc6 15. Bb5 Qd5 16. Bxc6 bxc6 17. Nc3 Qd8 18. Qf4 Ba6 19. Qe4 Rb8 20. b3 c5 21. dxc5 Bb7 22. c6 Ba6 23. Rxd8 Rbxd8 24. h3 Rd3 25. b4 Rfd8 26. b5 Rxc3 27. Rxc3 Bxb5 28. Kh2 Rd1 29. Rb3 Bf1 30. Rb8+ Rd8 31. Rxd8# 1-0

[Event "Junior Online 4NCL Division 3"]
[Site "online"]
[Date "2022.02.03"]
[EventDate "2022.02.03"]
[Round "2.118"]
[White "Birch, Cara"]
[WhiteElo "900"]
[WhiteTeam "Staffordshire Oatcakes"]
[Black "Liu, Zhengzheng"]
[BlackElo "1290"]
[BlackTeam "London Dragons Beryllium"]
[Result "0-1"]
[PlyCount "96"]

1. d4 d5 2. Nf3 e6 3. Bg5 Be7 4. Bxe7 Qxe7 5. g3 f5 6. Ne5 Nd7 7. g4 Qb4+ 8. c3 Qxb2 9. Nd2 Qxc3 10. gxf5 Qxd4 11. Nef3 Qf6 12. fxe6 Qxe6 13. Ng5 Qf6 14. Ngf3 Ne7 15. e4 dxe4 16. Nxe4 Qe6 17. Qe2 O-O 18. O-O-O Qc6+ 19. Qc2 Qxc2+ 20. Kxc2 Rxf3 21. Be2 Rf4 22. Ng3 Rxf2 23. Rdf1 Rxf1 24. Rxf1 b6 25. Re1 Bb7 26. Bh5 Nc6 27. Nf5 Nf6 28. Bf3 g6 29. Ne7+ Nxe7 30. Bxb7 Rb8 31. Bf3 Ned5 32. Bxd5+ Nxd5 33. Re5 Nb4+ 34. Kd1 Nxa2 35. Re2 Nc3+ 36. Kd2 Nxe2 37. Kxe2 a5 38. Ke1 a4 39. Kd1 a3 40. Kc2 a2 41. Kb2 Ra8 42. h4 b5 43. Ka1 b4 44. Kb2 a1=Q+ 45. Kb3 Qa3+ 46. Kc4 Qc3+ 47. Kb5 Rb8+ 48. Ka6 Qa3# 0-1